[Event "Yanofsky mem. U1800"]
[Site "Winnipeg CAN"]
[Date "2019.08.31"]
[Round "3.9"]
[White "Trueman, Francis"]
[Black "Gannon, Keith"]
[Result "1/2-1/2"]
[WhiteElo "1462"]
[BlackElo "1470"]
[PlyCount "128"]
[EventDate "2019.08.30"]
[EventType "swiss"]
[EventRounds "5"]
[EventCountry "CAN"]

1. e4 e5 2. Nf3 d6 3. d3 Nf6 4. Nbd2 Be7 5. g3 O-O 6. Bg2 Nc6 7. O-O Bd7 8. Re1
Re8 9. Qe2 Nb4 10. Nf1 c5 11. c3 Nc6 12. h4 Bg4 13. N1h2 Qd7 14. Nxg4 Qxg4 15.
Qc2 b5 16. Nh2 Qd7 17. Qe2 a5 18. g4 Red8 19. Kh1 a4 20. g5 Ne8 21. Bf3 b4 22.
Bg4 Qb7 23. h5 d5 24. exd5 Rxd5 25. Bf3 Rd6 26. Be3 bxc3 27. bxc3 Ra5 28. Ng4
Qa6 29. Rab1 Nc7 30. Rb2 Nd5 31. Bxd5 Rxd5 32. Rd1 e4 33. Rbd2 exd3 34. Rxd3
Rxd3 35. Qxd3 Qc8 36. Qd7 Qa8 37. Kg1 a3 38. h6 Qd8 39. Qxd8+ Nxd8 40. Rd7 Nc6
41. Rc7 Ra6 42. Rc8+ Nd8 43. Bxc5 Bxg5 44. Be3 Be7 45. Bc5 Rc6 46. Rxc6 Nxc6
47. Bxe7 Nxe7 48. hxg7 Kxg7 49. c4 Nc6 50. Ne3 Nb4 51. c5 Kf8 52. Nc4 Ke7 53.
Nxa3 Nxa2 54. Nc4 Nb4 55. Ne5 f6 56. Nc4 Nc6 57. f4 Ke6 58. Kf2 Kd5 59. Nb6+
Kxc5 60. Nd7+ Kd6 61. Nxf6 h6 62. Ke3 Ke6 63. Ng8 h5 64. Kf3 Kf5 1/2-1/2

[Event "Yanofsky mem. U1800"]
[Site "Winnipeg CAN"]
[Date "2019.08.31"]
[Round "3.10"]
[White "Ott, Richard"]
[Black "Myrzaibraimova, Alia"]
[Result "1/2-1/2"]
[WhiteElo "1482"]
[BlackElo "1004"]
[PlyCount "91"]
[EventDate "2019.08.30"]
[EventType "swiss"]
[EventRounds "5"]
[EventCountry "CAN"]

1. d4 d5 2. c4 c6 3. Nf3 Bf5 4. cxd5 cxd5 5. Nc3 Nc6 6. Bf4 e6 7. e3 a6 8. a3
Nf6 9. Be2 Be7 10. O-O O-O 11. b4 Rc8 12. Qb3 a5 13. b5 Na7 14. Ne5 Ne4 15.
Nxe4 Bxe4 16. Nd3 Bg5 17. b6 Nc6 18. Bc7 Qd7 19. Nc5 Qe7 20. Nxb7 Bf6 21. Nd6
Ra8 22. Nxe4 dxe4 23. Qc2 Qd7 24. Bb5 Nxd4 25. Qa4 Qxb5 26. Qxb5 Nxb5 27. Rab1
Nxc7 28. bxc7 Rac8 29. Rb7 Be5 30. Rc1 Rfe8 31. Rc5 f6 32. f4 Bxc7 33. Rcxc7
Rxc7 34. Rxc7 Rd8 35. Rc3 Kf7 36. h4 Kg6 37. Kh2 e5 38. fxe5 fxe5 39. g4 Rd3
40. Rc6+ Kf7 41. Rc7+ Kf8 42. Rc8+ Ke7 43. Rc5 Rxe3 44. Rxe5+ Kd6 45. Rxa5 Rd3
46. Kg1 1/2-1/2

[Event "Yanofsky mem. U1800"]
[Site "Winnipeg CAN"]
[Date "2019.09.01"]
[Round "4.1"]
[White "Samson, Larry"]
[Black "Eckert, Ethan"]
[Result "0-1"]
[WhiteElo "1726"]
[BlackElo "1620"]
[PlyCount "86"]
[EventDate "2019.08.30"]
[EventType "swiss"]
[EventRounds "5"]
[EventCountry "CAN"]

1. e4 e6 2. d4 d5 3. Nc3 Nf6 4. Bg5 Be7 5. e5 Nfd7 6. Bxe7 Qxe7 7. f4 b6 8. Nf3
Ba6 9. Bxa6 Nxa6 10. O-O O-O 11. Ng5 h6 12. Nf3 c5 13. Kh1 f6 14. Nh4 Qe8 15.
Nb5 fxe5 16. dxe5 Nxe5 17. Nd6 Qe7 18. fxe5 Qxh4 19. Qe2 Nb4 20. a3 Nc6 21. c3
Qg5 22. Rxf8+ Rxf8 23. Re1 Qxe5 24. Qxe5 Nxe5 25. Kg1 Nd3 26. Rxe6 Nxb2 27. Re7
a6 28. Ra7 a5 29. Rb7 Na4 30. Nb5 Rd8 31. Kf2 d4 32. cxd4 cxd4 33. Ke2 d3+ 34.
Kd2 Nc5 35. Rxb6 Ne4+ 36. Kd1 d2 37. Nc3 Nxc3+ 38. Kc2 d1=Q+ 39. Kxc3 Rc8+ 40.
Kb2 Qc2+ 41. Ka1 Qc1+ 42. Ka2 Rc2+ 43. Kb3 Qb2+ 0-1

[Event "Yanofsky mem. U1800"]
[Site "Winnipeg CAN"]
[Date "2019.09.01"]
[Round "4.2"]
[White "Leaden, Bruce"]
[Black "MacPherson, Al"]
[Result "0-1"]
[WhiteElo "1513"]
[BlackElo "1704"]
[PlyCount "40"]
[EventDate "2019.08.30"]
[EventType "swiss"]
[EventRounds "5"]
[EventCountry "CAN"]

1. f4 d5 2. Nf3 Nf6 3. g3 c5 4. Bg2 e6 5. O-O Nc6 6. e3 Be7 7. b3 O-O 8. Bb2 b5
9. d3 Qb6 10. Kh1 Bb7 11. h3 Rac8 12. g4 c4 13. d4 b4 14. c3 a5 15. a3 bxa3 16.
Bxa3 cxb3 17. Nbd2 Ba6 18. Bxe7 Nxe7 19. Qxb3 Qxb3 20. Nxb3 Rxc3 0-1

[Event "Yanofsky mem. U1800"]
[Site "Winnipeg CAN"]
[Date "2019.09.01"]
[Round "4.3"]
[White "Myrzaibraimova, Aibike"]
[Black "Melnyk, Jim"]
[Result "1/2-1/2"]
[WhiteElo "1503"]
[BlackElo "1703"]
[PlyCount "97"]
[EventDate "2019.08.30"]
[EventType "swiss"]
[EventRounds "5"]
[EventCountry "CAN"]

1. e4 Nc6 2. Nf3 d5 3. exd5 Qxd5 4. Nc3 Qd6 5. d4 Bg4 6. Be3 Nf6 7. g3 O-O-O 8.
Bg2 Qb4 9. Qc1 Qc4 10. Nd2 Qa6 11. a3 Bd7 12. Bf1 Qa5 13. Nc4 Qf5 14. Bg2 Nb4
15. Kd1 Be8 16. g4 Nxg4 17. Qd2 Nxe3+ 18. fxe3 e5 19. Nxe5 f6 20. h4 Qxc2+ 21.
Qxc2 Nxc2 22. Kxc2 fxe5 23. dxe5 Bg6+ 24. e4 Bc5 25. h5 Bf7 26. Bh3+ Kb8 27.
Bf5 Rhe8 28. e6 Bxe6 29. Bxh7 Be3 30. Rad1 Bg4 31. Rxd8+ Rxd8 32. Nd5 Bh6 33.
Rg1 Bxh5 34. Rf1 c6 35. Nf4 Rf8 36. Bf5 Bf7 37. b3 Re8 38. Ng6 Kc7 39. Rd1 Rd8
40. Rf1 Rd2+ 41. Kb1 Rg2 42. Bh3 Rxg6 43. Rxf7+ Kb6 44. Bc8 Rg1+ 45. Kb2 Rg2+
46. Kb1 Rg1+ 47. Kb2 Rg2+ 48. Kb1 Rg1+ 49. Kb2 1/2-1/2

[Event "Yanofsky mem. U1800"]
[Site "Winnipeg CAN"]
[Date "2019.09.01"]
[Round "4.4"]
[White "Lemay, Marcel"]
[Black "Remillard, John"]
[Result "1-0"]
[WhiteElo "1000"]
[BlackElo "1598"]
[PlyCount "98"]
[EventDate "2019.08.30"]
[EventType "swiss"]
[EventRounds "5"]
[EventCountry "CAN"]

1. d4 e6 2. c4 c5 3. d5 exd5 4. cxd5 g6 5. e4 Bg7 6. Nd2 Nf6 7. Be2 O-O 8. Nh3
Re8 9. Qc2 d6 10. Nf4 a6 11. O-O Ng4 12. Nd3 b5 13. h3 Ne5 14. Rb1 Nbd7 15. b3
Nxd3 16. Bxd3 Ne5 17. Bb2 Qg5 18. f4 Qg3 19. fxe5 Bxh3 20. Nf3 Bh6 21. Rbe1 Bf4
22. Qf2 Bg4 23. Qxg3 Bxg3 24. Re2 Bxf3 25. gxf3 Bxe5 26. f4 Bg7 27. Bxg7 Kxg7
28. a3 f6 29. b4 c4 30. Bb1 Rad8 31. Ra2 h5 32. a4 Re7 33. axb5 axb5 34. Kg2
Rb7 35. Kg3 Rdd7 36. Kh4 Ra7 37. Rff2 Kh6 38. Rg2 Rdb7 39. e5 Rxa2 40. Rxg6+
Kh7 41. Rg2+ Kh8 42. Rxa2 dxe5 43. fxe5 fxe5 44. Kxh5 Kg7 45. Kg5 Kf7 46. Re2
Re7 47. Kf5 Ke8 48. Rxe5 Kd7 49. Rxe7+ Kxe7 1-0

[Event "Yanofsky mem. U1800"]
[Site "Winnipeg CAN"]
[Date "2019.09.01"]
[Round "4.5"]
[White "Marshall, Carter"]
[Black "Furda, Ievgeniia-Diana"]
[Result "1-0"]
[WhiteElo "1553"]
[BlackElo "1555"]
[PlyCount "97"]
[EventDate "2019.08.30"]
[EventType "swiss"]
[EventRounds "5"]
[EventCountry "CAN"]

1. e4 e5 2. Nc3 Nc6 3. Bc4 Nf6 4. d3 Bb4 5. f4 exf4 6. Bxf4 d6 7. Nf3 Bg4 8.
O-O Qe7 9. Nd5 Nxd5 10. Bxd5 Bd7 11. c3 Ba5 12. e5 O-O-O 13. exd6 cxd6 14. Qe1
Ne5 15. Nxe5 dxe5 16. Qxe5 Qe6 17. Bg3 Qxe5 18. Bxe5 f6 19. Bg3 Bc7 20. Bxc7
Kxc7 21. d4 Rhe8 22. Rae1 Bc6 23. Bf7 Rxe1 24. Rxe1 Rd7 25. Be8 Rd8 26. Bxc6
Kxc6 27. Re7 Rd7 28. Rxd7 Kxd7 29. Kf2 Kd6 30. Kf3 Kd5 31. h4 a5 32. a4 g6 33.
Kf4 h6 34. h5 gxh5 35. Kf5 h4 36. Kxf6 Ke4 37. Ke6 Kf4 38. d5 Kg3 39. d6 Kxg2
40. d7 h3 41. d8=Q h2 42. Qd2+ Kg1 43. Qd1+ Kg2 44. Qg4+ Kh1 45. Kd5 h5 46. Qg5
h4 47. Ke4 h3 48. Kf3 b5 49. Qc1# 1-0

[Event "Yanofsky mem. U1800"]
[Site "Winnipeg CAN"]
[Date "2019.09.01"]
[Round "4.7"]
[White "Myrzaibraimov, Azamat"]
[Black "Reimer, Bruce"]
[Result "0-1"]
[WhiteElo "1591"]
[BlackElo "1580"]
[PlyCount "62"]
[EventDate "2019.08.30"]
[EventType "swiss"]
[EventRounds "5"]
[EventCountry "CAN"]

1. e4 d6 2. d4 g6 3. Nc3 Bg7 4. Bc4 e6 5. Nf3 a6 6. e5 b5 7. Bb3 Nd7 8. Bg5 Ne7
9. Ne4 O-O 10. exd6 cxd6 11. Nxd6 h6 12. Bh4 Nf6 13. Nxc8 Rxc8 14. Ne5 g5 15.
Bg3 Ne4 16. c3 Nxg3 17. fxg3 Nd5 18. Nf3 b4 19. c4 Ne3 20. Qe2 Bxd4 21. a3 Qb6
22. Nxd4 Qxd4 23. Qd2 Qe4 24. Qe2 Rfd8 25. Rc1 bxa3 26. bxa3 Rd3 27. Ba2 Rcd8
28. Bb1 Nxg2+ 29. Kf1 Rf3+ 30. Qxf3 Qxf3+ 31. Kg1 Rd2 0-1

[Event "Yanofsky mem. U1800"]
[Site "Winnipeg CAN"]
[Date "2019.09.01"]
[Round "4.8"]
[White "Marshall, Ken"]
[Black "Trinidad, Kris"]
[Result "1-0"]
[WhiteElo "1598"]
[BlackElo "1642"]
[PlyCount "43"]
[EventDate "2019.08.30"]
[EventType "swiss"]
[EventRounds "5"]
[EventCountry "CAN"]

1. e4 c5 2. Nf3 d6 3. d4 cxd4 4. Nxd4 a6 5. Be3 Nf6 6. Nc3 g6 7. Bc4 Bg7 8. f3
O-O 9. Qd2 Nbd7 10. Bh6 b5 11. Bxg7 Kxg7 12. Bb3 Bb7 13. O-O-O Rc8 14. g4 Ne5
15. Nd5 e6 16. Nf4 Re8 17. Bxe6 Nxf3 18. Nxf3 fxe6 19. Ng5 Nxe4 20. Ngxe6+ Kg8
21. Nxd8 Nxd2 22. Nxb7 1-0

[Event "Yanofsky mem. U1800"]
[Site "Winnipeg CAN"]
[Date "2019.09.01"]
[Round "4.9"]
[White "Gannon, Keith"]
[Black "Ott, Richard"]
[Result "1-0"]
[WhiteElo "1470"]
[BlackElo "1482"]
[PlyCount "77"]
[EventDate "2019.08.30"]
[EventType "swiss"]
[EventRounds "5"]
[EventCountry "CAN"]

1. e4 d5 2. exd5 Qxd5 3. Nc3 Qd6 4. Nf3 Nf6 5. d4 c6 6. Be2 h6 7. a3 Bf5 8. Bd2
Nbd7 9. h3 e6 10. O-O O-O-O 11. b4 g5 12. b5 c5 13. dxc5 Qxc5 14. Be3 Qxc3 15.
Bd4 Qa5 16. Qc1 Bc5 17. c3 g4 18. hxg4 Bxg4 19. Qf4 Bxf3 20. Bxf3 Nd5 21. Bxd5
exd5 22. Bxh8 Rxh8 23. Qxf7 Rf8 24. Qxd5 Qxc3 25. Qa2 Qg3 26. Rac1 Kd8 27. Rxc5
Rxf2 28. Qxf2 Qxf2+ 29. Rxf2 Nxc5 30. Rf8+ Kc7 31. Kh2 h5 32. Rf6 Ne4 33. Rh6
Kd7 34. Rxh5 Nf6 35. Rf5 Ke6 36. Rf4 Ke5 37. Ra4 Nd7 38. Rxa7 Nc5 39. a4 1-0

[Event "Yanofsky mem. U1800"]
[Site "Winnipeg CAN"]
[Date "2019.09.01"]
[Round "4.10"]
[White "Myrzaibraimova, Alia"]
[Black "Trueman, Francis"]
[Result "0-1"]
[WhiteElo "1004"]
[BlackElo "1462"]
[Annotator "aboro"]
[PlyCount "35"]
[EventDate "2019.08.30"]
[EventType "swiss"]
[EventRounds "5"]
[EventCountry "CAN"]

1. e4 d6 2. d4 Nf6 3. Nc3 g6 4. Nf3 Bg7 5. Be3 O-O 6. Qd2 c6 7. Bh6 Qc7 8.
O-O-O e5 9. Bxg7 Kxg7 10. dxe5 dxe5 11. Qd6 Qxd6 12. Rxd6 Nbd7 13. Bc4 Nc5 14.
Nxe5 Ncxe4 15. Nxe4 Nxe4 16. Rd3 Nxf2 17. Rf3 Nxh1 18. Rxf7+ {
and Black won in approx. 40 moves} 0-1

[Event "Yanofsky mem. U1800"]
[Site "Winnipeg CAN"]
[Date "2019.09.01"]
[Round "5.1"]
[White "Eckert, Ethan"]
[Black "Marshall, Carter"]
[Result "1-0"]
[WhiteElo "1620"]
[BlackElo "1555"]
[PlyCount "61"]
[EventDate "2019.08.30"]
[EventType "swiss"]
[EventRounds "5"]
[EventCountry "CAN"]

1. e4 c5 2. Nf3 d6 3. d4 cxd4 4. Nxd4 Nf6 5. Nc3 g6 6. f3 Bg7 7. Be3 Nc6 8. Qd2
O-O 9. O-O-O a6 10. Bh6 Nxd4 11. Bxg7 Nxf3 12. gxf3 Kxg7 13. e5 Ne8 14. h4 Qc7
15. Nd5 Qd8 16. Qd4 Kg8 17. h5 dxe5 18. Nf6+ Nxf6 19. Qxd8 Rxd8 20. Rxd8+ Ne8
21. Rxe8+ Kg7 22. hxg6 hxg6 23. Rhh8 f5 24. Rxc8 Rxc8 25. Rxc8 Kf6 26. Rb8 e4
27. fxe4 fxe4 28. Rxb7 e5 29. Kd2 Kf5 30. Ke3 g5 31. c4 1-0

[Event "Yanofsky mem. U1800"]
[Site "Winnipeg CAN"]
[Date "2019.09.01"]
[Round "5.4"]
[White "Reimer, Bruce"]
[Black "Myrzaibraimova, Aibike"]
[Result "0-1"]
[WhiteElo "1580"]
[BlackElo "1503"]
[PlyCount "96"]
[EventDate "2019.08.30"]
[EventType "swiss"]
[EventRounds "5"]
[EventCountry "CAN"]

1. c4 e6 2. g3 Nf6 3. Bg2 d5 4. d4 dxc4 5. Qa4+ c6 6. Qxc4 Qb6 7. a3 Nbd7 8.
Nc3 Nd5 9. Nf3 N7f6 10. O-O Bd7 11. b4 a5 12. Bb2 axb4 13. axb4 Rc8 14. Ne5
Qxb4 15. Qxb4 Bxb4 16. Nxd5 exd5 17. Nxd7 Nxd7 18. Bh3 Ke7 19. Ra4 Bd6 20. Re1
Ra8 21. Rxa8 Rxa8 22. e4 dxe4 23. Rxe4+ Kd8 24. Re3 Ra2 25. Rb3 Ra7 26. Bg2 f6
27. Be4 h6 28. Bg6 Kc7 29. Be4 Ra4 30. Bg6 Nb8 31. Re3 Nd7 32. Re8 Nf8 33. Bf5
Ra5 34. Rc8+ Kb6 35. Be4 Rb5 36. Bc3 f5 37. Bd3 Rb3 38. Bxf5 Rxc3 39. Kg2 Rc4
40. d5 cxd5 41. Rd8 Rc6 42. Bg4 Kc5 43. Bf3 Ne6 44. Ra8 b5 45. Ra5 Rb6 46. Kf1
Nd4 47. Bd1 Kc4 48. Ke1 Bb4+ 0-1

[Event "Yanofsky mem. U1800"]
[Site "Winnipeg CAN"]
[Date "2019.09.01"]
[Round "5.5"]
[White "Melnyk, Jim"]
[Black "Marshall, Ken"]
[Result "0-1"]
[WhiteElo "1703"]
[BlackElo "1598"]
[PlyCount "130"]
[EventDate "2019.08.30"]
[EventType "swiss"]
[EventRounds "5"]
[EventCountry "CAN"]

1. e4 e5 2. Nf3 Nc6 3. Bc4 Bc5 4. O-O d6 5. d3 Bg4 6. c3 h6 7. a3 Qf6 8. Nbd2
O-O-O 9. b4 Bb6 10. a4 a6 11. a5 Ba7 12. b5 axb5 13. Bxb5 Nge7 14. Qc2 d5 15.
Bb2 dxe4 16. Nxe4 Qe6 17. Ne1 f5 18. Nd2 Be2 19. Bc4 Qg6 20. Nb3 Bxf1 21. Kxf1
f4 22. Ba3 h5 23. Bc5 Qf6 24. Qb2 h4 25. h3 g5 26. Rb1 Kd7 27. Bxa7 g4 28. Nc5+
Ke8 29. Ne4 Qg6 30. hxg4 Nxa7 31. Qxb7 Nac6 32. Bb5 h3 33. gxh3 Rxh3 34. g5 f3
35. Nf6+ Kf7 36. Nxf3 Rxf3 37. Bc4+ Kg7 38. Ne4 Nxa5 39. Qxc7 Nac6 40. Bb5 Rh3
41. Ng3 Re8 42. Bxc6 Qxc6 43. Qxe5+ Kh7 44. Qf4 Rh1+ 45. Ke2 Rxb1 46. Qf7+ Kh8
47. Ne4 Qg6 48. Qc4 Qh5+ 49. Kd2 Qd1+ 50. Ke3 Qe1+ 51. Kf3 Rf8+ 52. Nf6 Qh1+
53. Kf4 Qh4+ 54. Ke5 Qxc4 55. dxc4 Kg7 56. f4 Rf1 57. Kd6 Rxf4 58. Kxe7 Rxc4
59. Nd7 Rf7+ 60. Ke6 Rxc3 61. Ne5 Rf1 62. Nd7 Re3+ 63. Kd6 Rd1+ 64. Kc7 Rc3+
65. Kd8 Rcd3 0-1

[Event "Yanofsky mem. U1800"]
[Site "Winnipeg CAN"]
[Date "2019.09.01"]
[Round "5.6"]
[White "Remillard, John"]
[Black "Piche, Zachary"]
[Result "0-1"]
[WhiteElo "1598"]
[BlackElo "1519"]
[PlyCount "82"]
[EventDate "2019.08.30"]
[EventType "swiss"]
[EventRounds "5"]
[EventCountry "CAN"]

1. Nf3 Nf6 2. c4 c5 3. g3 g6 4. Bg2 Bg7 5. O-O O-O 6. d4 cxd4 7. Nxd4 Nc6 8.
Nxc6 dxc6 9. Nc3 Be6 10. b3 Qc7 11. Qc2 Rfd8 12. Bf4 Qa5 13. Rad1 Nh5 14. Bd2
Rxd2 15. Rxd2 Bxc3 16. Rd3 Bg7 17. Rfd1 Nf6 18. e4 Qh5 19. f4 Ng4 20. h3 Nf6
21. h4 Ng4 22. Bf3 Qc5+ 23. Kh1 Nf2+ 24. Kg2 Nxd3 25. Rxd3 Qb6 26. Qd2 a5 27.
g4 f6 28. f5 Bf7 29. h5 a4 30. h6 Bf8 31. g5 axb3 32. axb3 Ra1 33. Bd1 Qa7 34.
Rd8 Ra2 35. Bc2 Qb6 36. gxf6 exf6 37. Rxf8+ Kxf8 38. Qd6+ Ke8 39. Qb8+ Qd8 40.
Qxb7 Rxc2+ 41. Kf3 Qd3+ 0-1

[Event "Yanofsky mem. U1800"]
[Site "Winnipeg CAN"]
[Date "2019.09.01"]
[Round "5.7"]
[White "Furda, Ievgeniia-Diana"]
[Black "Leaden, Bruce"]
[Result "1-0"]
[WhiteElo "1553"]
[BlackElo "1514"]
[PlyCount "59"]
[EventDate "2019.08.30"]
[EventType "swiss"]
[EventRounds "5"]
[EventCountry "CAN"]

1. e4 e6 2. Nc3 d5 3. exd5 exd5 4. d4 Nf6 5. Bg5 Be7 6. Nf3 O-O 7. Be2 c6 8.
Qd2 Bg4 9. O-O-O b5 10. h3 Be6 11. Be3 a5 12. g4 a4 13. g5 Ne4 14. Nxe4 dxe4
15. Ne5 Bxa2 16. f3 Bd5 17. Rdf1 a3 18. b3 a2 19. Kb2 Ba3+ 20. Ka1 Na6 21. h4
Be7 22. h5 Bb4 23. c3 Be7 24. Bd1 f6 25. gxf6 Bxf6 26. f4 Nc7 27. h6 Bxe5 28.
dxe5 g6 29. Qg2 Kh8 30. f5 1-0

[Event "Yanofsky mem. U1800"]
[Site "Winnipeg CAN"]
[Date "2019.09.01"]
[Round "5.8"]
[White "Czarny, Keith"]
[Black "Gannon, Keith"]
[Result "1-0"]
[WhiteElo "1669"]
[BlackElo "1470"]
[PlyCount "111"]
[EventDate "2019.08.30"]
[EventType "swiss"]
[EventRounds "5"]
[EventCountry "CAN"]

1. Nf3 Nf6 2. g3 g6 3. Bg2 Bg7 4. O-O O-O 5. d4 d5 6. c4 e6 7. Nc3 c6 8. cxd5
cxd5 9. Bd2 Nc6 10. Rc1 Bd7 11. Ne5 Nxd4 12. Nxd7 Qxd7 13. Bf4 Rac8 14. Qxd4 a6
15. Be5 Rc4 16. Qd3 Rfc8 17. a3 Qc6 18. Na2 b5 19. b3 Rxc1 20. Rxc1 Qb7 21.
Rxc8+ Qxc8 22. Qc3 Qd8 23. Qc7 Qa8 24. Qb8+ Qxb8 25. Bxb8 Nd7 26. Bf4 Nc5 27.
b4 Nd7 28. Bd2 Kf8 29. e3 Ke8 30. Kf1 Kd8 31. Ke2 Kc7 32. Nc1 Bb2 33. Nb3 Bxa3
34. Kd3 Ne5+ 35. Kc2 Nc6 36. Nc5 Nxb4+ 37. Bxb4 Bxb4 38. Nxa6+ Kb6 39. Nxb4 Kc5
40. Kc3 h5 41. Nd3+ Kc6 42. Ne5+ Kc5 43. Nxf7 b4+ 44. Kb3 d4 45. Ne5 dxe3 46.
fxe3 g5 47. Nd3+ Kd6 48. Kxb4 h4 49. Kc4 hxg3 50. hxg3 Ke7 51. Kd4 Kf6 52. Ne5
Kf5 53. Bh3+ Kf6 54. Bg4 Ke7 55. Kc5 Kf6 56. Kd6 1-0

[Event "Yanofsky mem. U1800"]
[Site "Winnipeg CAN"]
[Date "2019.09.01"]
[Round "5.9"]
[White "Trueman, Francis"]
[Black "Myrzaibraimov, Azamat"]
[Result "0-1"]
[WhiteElo "1462"]
[BlackElo "1591"]
[PlyCount "84"]
[EventDate "2019.08.30"]
[EventType "swiss"]
[EventRounds "5"]
[EventCountry "CAN"]

1. e4 e5 2. Nf3 Nc6 3. d3 Nf6 4. Nbd2 d6 5. g3 Bg4 6. Bg2 Nd4 7. c3 Nxf3+ 8.
Nxf3 d5 9. Qa4+ c6 10. Nxe5 dxe4 11. Nxg4 Nxg4 12. Qxe4+ Qe7 13. Qxe7+ Bxe7 14.
Be4 O-O 15. O-O Rad8 16. d4 Nf6 17. Bg2 Nd5 18. Re1 Bf6 19. h4 Nb6 20. b3 Nc8
21. Bf4 h6 22. Rad1 g5 23. hxg5 hxg5 24. Be5 Kg7 25. Bxf6+ Kxf6 26. d5 c5 27.
c4 Rfe8 28. Rxe8 Rxe8 29. d6 Rd8 30. d7 Nb6 31. Bxb7 Rxd7 32. Rxd7 Nxd7 33. Bd5
Ne5 34. f4 gxf4 35. gxf4 Nd3 36. a3 Nxf4 37. Be4 Ke5 38. Bb1 Kd4 39. Ba2 Ne2+
40. Kf1 Nc3 41. b4 Nxa2 42. bxc5 Kxc5 0-1

[Event "Yanofsky mem. U1800"]
[Site "Winnipeg CAN"]
[Date "2019.09.01"]
[Round "5.10"]
[White "Trinidad, Kris"]
[Black "Ott, Richard"]
[Result "1-0"]
[WhiteElo "1642"]
[BlackElo "1482"]
[PlyCount "65"]
[EventDate "2019.08.30"]
[EventType "swiss"]
[EventRounds "5"]
[EventCountry "CAN"]

1. e4 d5 2. exd5 Qxd5 3. Nc3 Qd6 4. d4 Nf6 5. Nf3 c6 6. Be2 h6 7. O-O Bf5 8.
Re1 e6 9. h3 Be7 10. Be3 O-O 11. Qd2 Nbd7 12. Rad1 Nd5 13. Nxd5 cxd5 14. Bf4
Qb6 15. c3 Nf6 16. Ne5 Rfd8 17. Bd3 Bxd3 18. Qxd3 Rac8 19. Bc1 Ne4 20. Qf3 Bf6
21. Ng4 Qc7 22. Nxf6+ Nxf6 23. Bxh6 Ne4 24. Bf4 Qa5 25. a3 Qa4 26. Be5 f6 27.
Bf4 Rf8 28. Qg4 f5 29. Qh5 Rf6 30. f3 g6 31. Qh4 Kg7 32. fxe4 fxe4 33. Be5 1-0

[Event "Yanofsky mem. U1800"]
[Site "Winnipeg CAN"]
[Date "2019.09.01"]
[Round "5.11"]
[White "Mandusic, Ante"]
[Black "Myrzaibraimova, Alia"]
[Result "1-0"]
[WhiteElo "1204"]
[BlackElo "1004"]
[PlyCount "83"]
[EventDate "2019.08.30"]
[EventType "swiss"]
[EventRounds "5"]
[EventCountry "CAN"]

1. e4 e6 2. d3 d5 3. Nc3 Bb4 4. Bd2 Ne7 5. g3 O-O 6. Bg2 d4 7. Nce2 Bxd2+ 8.
Qxd2 e5 9. Nf3 Nbc6 10. O-O Bd7 11. c3 Be6 12. cxd4 exd4 13. b4 Qd6 14. a3 f5
15. exf5 Nxf5 16. b5 Ne5 17. Nxe5 Qxe5 18. Bxb7 Rab8 19. Bc6 Nd6 20. a4 Bd5 21.
Bxd5+ Qxd5 22. Rfc1 c5 23. bxc6 Rfc8 24. Qa2 Qxa2 25. Rxa2 Rb6 26. Nxd4 Kf7 27.
a5 Ra6 28. Rc5 h6 29. Rac2 g5 30. c7 Ne8 31. Nf5 h5 32. d4 Ke6 33. Ne3 Kd7 34.
Nd5 Kd6 35. Nb4 Rxa5 36. Rxa5 Nxc7 37. Rxa7 Nb5 38. Ra6+ Kd7 39. Rxc8 Kxc8 40.
d5 Nc7 41. Rc6 Kd7 42. f4 1-0